000 00599nmm a22001817a 4500
003 OSt
005 20240426105611.0
006 eBook
008 240410b |||||||| |||| 00| 0 eng d
040 _cMRSPTU
100 _aWilliam Stallings
245 _aOperating Systems: Internals and Design Principles
250 _a6th
260 _aNew Delhi
_bPearson
_c2008
600 _2Computer Science
856 _3Click here to access the e-book
_uhttps://ebookcentral.proquest.com/lib/gzsptuc/detail.action?docID=5127071&query=Operating+Systems%3A+Internals+and+Design+Principles
942 _2ddc
_cEB
_n1
999 _c10020
_d10020